| 000 | 00852nam a2200253 a 4500 | ||
|---|---|---|---|
| 001 | 1376 | ||
| 003 | BR-CuiBMT | ||
| 005 | 20231206021535.0 | ||
| 008 | 230810s2012 rjb 000 0 por d | ||
| 020 | _a9788530940980 | ||
| 040 |
_aBR-CuiBMT _cBR-CuiBMT |
||
| 080 |
_22007 _a351.712 |
||
| 090 |
_a351.712 _bT653p _c5. ed. |
||
| 100 | 1 | _aTolosa Filho, Benedicto | |
| 245 | 1 | 0 |
_aPregão : _buma nova modalidade de licitação / _cBenedicto Tolosa Filho. |
| 250 | _a5 ed., rev., atual. e ampl. | ||
| 260 |
_aRio de Janeiro : _bForense, _c2012. |
||
| 300 |
_aviii, 247 p. ; _c21 cm |
||
| 500 | _aComentários teóricos e práticos ; Pregão presencial e pregão eletrônico. | ||
| 650 |
_aPregão eletrônico _vLegislação _zBrasil |
||
| 650 |
_aPregão presencial _zBrasil |
||
| 650 |
_aSanção administrativa _xLicitação _zBrasil |
||
| 942 |
_2udc _cLV |
||
| 999 |
_c1376 _d1376 |
||